Selected issues of safety engineering and exploitation of nuclear power plants in the context of EU EnergyPolicy : International Summer School. Proceedings. Trnava, Slovakia, September 1-12, 2011

Na minha lista:
Detalhes bibliográficos
Formato: Livro
Idioma:inglês
Publicado em: Wroclaw : Oficyna Wydawnicza Politechniki Wroclawskiej, 2011
Tags: Adicionar Tag
Sem tags, seja o primeiro a adicionar uma tag!

MARC

LEADER 00000nam a22000003a 4500
001 stu243868
005 20150408182936.9
008 120228s2011----pl------------------eng-d
020 |a 978-83-7493-654-5 
040 |a STU  |b slo 
041 0 |a eng 
044 |a pl 
245 |a Selected issues of safety engineering and exploitation of nuclear power plants in the context of EU EnergyPolicy :  |b International Summer School. Proceedings. Trnava, Slovakia, September 1-12, 2011 
260 |a Wroclaw :  |b Oficyna Wydawnicza Politechniki Wroclawskiej,  |c 2011 
300 |a 98 s 
996 |b 284M080785  |c M*Z-3916  |l MMKN  |s A  |a 24  |w stu243868_0001